Polskie partie polityczne będące obecnie w sejmie - Statystyki

Ogólne statystyki
  • Ten quiz został rozwiązany 150 razy
  • Średni wynik to 5 z 6
Statystyki odpowiedzi
Partia % Poprawnych
Prawo i Sprawiedliwość
97%
Konfederacja
96%
Platforma Obywatelska
95%
Lewica
92%
Polska 2050
89%
Polskie Stronnictwo Ludowe
80%
Nie znaleziono quizów pasujących do podanych kryteriów
Rozkład punktacji
Procent ludzi z każdym wynikiem
Percentyl według liczby udzielonych odpowiedzi
Twoja historia wyników
Nie rozwiązałeś tego quizu